Ερευνητικά εκπαιδευτικά προγράμματα

Αποθηκεύτηκε σε:
Λεπτομέρειες βιβλιογραφικής εγγραφής
Συλλογικό Έργο: Ινστιτούτο Τεχνολογικής Εκπαίδευσης, Υπουργείο Εθνικής Παιδείας και Θρησκευμάτων
Μορφή: Βιβλίο
Γλώσσα:Greek
Δημοσίευση: Αθήνα : Υπουργείο Εθνικής Παιδείας και Θρησκευμάτων, 1990
Θέματα:
Ετικέτες: Προσθήκη ετικέτας
Δεν υπάρχουν, Καταχωρήστε ετικέτα πρώτοι!

MARC

LEADER 00000nam a2200000 i 4500
001 1/10548
008 000904s1990 gre d
035 |l 10063474 
040 |a GR-MY-UA  |b gre  |e aacr 
041 0 |a gre 
082 0 |a 370.495 
110 2 |a Ινστιτούτο Τεχνολογικής Εκπαίδευσης. 
245 1 0 |a Ερευνητικά εκπαιδευτικά προγράμματα /  |c Υπουργείο Εθνικής Παιδείας και Θρησκευμάτων, ΙΤΕ Ινστιτούτο Τεχνολογικής Εκπαίδευσης 
260 |a Αθήνα :   |b Υπουργείο Εθνικής Παιδείας και Θρησκευμάτων,   |c 1990 
300 |a 16 σ.;  |c 24 cm 
650 0 0 |a Education  |z Greece  |x Curricula. 
710 2 |a Υπουργείο Εθνικής Παιδείας και Θρησκευμάτων. 
852 |a INST  |b RHODES  |e 20000904  |h 370.495 ΙΝΣ  |p 005400010325  |q 005400010325  |t BK  |y 0 
852 |a INST  |b RHODES  |e 20000904  |h 370.495 ΙΝΣ  |p 005400010494  |q 005400010494  |t BK  |y 0 
901 |a BIBL4-2000-2 
909 |a Ρ  |b 009833 
909 |a Ρ  |b 009834 
922 |a 4ΔΩΡ  |b 199010 
970 |z 2000/08/ΧΡΥΣΑΝΘΗ